1684 1353 1661 1377 1422 1400 1381 1099 1293 1071 1620 1120 1771 1913 1565 1759 1336 1203 1346 1971 1510 1934 1482 1755 1060 1664 1145 1402 1916 1974 1858 1729 1845 1190 1512 1958 1531 1914 1925 1789 1494 1665 1238 1556 1382 1635 1262 1434 1295 1298 1785 1831 1147 1330 1412 1056 1573 1546 1789 1966 1632 1411 1963 1001 1469 1066 1555 1570 1640 1774 1018 1959 1551 1402 1607 1511 1967 1132 1767 1188 1432 1489 1150 1690 1959 1843 1293 1569 1306 1183 1338 1150 1616 1235 1415 1617 1677 1836 1164 BCNSPRNW ULIB Ver.6.0+V

เปลี่ยนเป็นภาษาไทย

Change to English
 แสดงรายละเอียดบรรณานุกรม
  กลับหน้าหลัก

Brief Record : Get Marc (ISO 2709) : E-mail record : QR code < ปิดหน้าต่าง
LEADER : 00000nam 2200000uu 4500
001    13399110549
003     ULIB
008    110602s2548||||th 000 0 tha d
020    9749288084
060 04 WP565^bพ881อ 2548
245 00 เพศศาสตร์ในสูติศาสตร์และนรีเวชวิทยา :^bHuman sexuality in obstetrics and gynaecology /^cเอนก อารีพรรค, บรรณาธิการ
246 31 Human sexuality in obstetrics and gynaecology
250    พิมพ์ครั้งที่ 1
260    กรุงเทพฯ :^bราชวิทยาลัยสูตินรีแพทย์แห่งประเทศไทย,^c2548
300    [10], 292 หน้า :^bภาพประกอบ ;^c30 ซม.
504    บรรณานุกรมและดัชนี
650  7 นรีเวชวิทยา
650  7 เพศศึกษา
650  7 สูติศาสตร์
650  7 อวัยวะสืบพันธุ์^xโรค
700 0  เอนก อารีพรรค,^eบรรณาธิการ
700 2  ราชวิทยาลัยสูตินรีแพทย์แห่งประเทศไทย
995    ทศพร
999 ^a ใช้งานได้ทุกระบบ
รายการนี้ยังไม่มีแท็ก
คุณยังไม่ได้ล็อกอิน คุณสามารถมีกิจกรรมร่วมกับเว็บไซต์ได้ แต่ต้องล็อกอินก่อน ::
  ล็อกอิน

รายการสื่อสารสนเทศ

ลำดับที่ ประเภท เลขเรียก/บาร์โค้ด สถานที่ สถานะ
- ไม่พบข้อมูล -

รายการใกล้เคียง
    หัวเรื่อง [นรีเวชวิทยา]
    หัวเรื่อง [เพศศึกษา]
    หัวเรื่อง [สูติศาสตร์]

BibComment


ยังไม่เคยถูกคอมเมนท์

คอมเมนท์ทรัพยากรรายการนี้
  คอมเมนท์: เพศศาสตร์ในสูติศา..


 Copyright 2026. Bcnsprnw @Library